Essays in the philosophy of science / (Record no. 7701)
[ view plain ]
| 000 -LEADER | |
|---|---|
| fixed length control field | 00774cam a22002651 4500 |
| 001 - CONTROL NUMBER | |
| control field | 7701 |
| 003 - CONTROL NUMBER IDENTIFIER | |
| rucl marc code | BD-RjUL |
| 005 - DATE AND TIME OF LATEST TRANSACTION | |
| control field | 20211208234448.0 |
| 008 - FIXED-LENGTH DATA ELEMENTS--GENERAL INFORMATION | |
| fixed length control field | 14 t1957 nyu 000 0 eng |
| 035 ## - SYSTEM CONTROL NUMBER | |
| System control number | (BD-RjUL)7745 |
| System control number | (OCoLC)372728 |
| 040 ## - CATALOGING SOURCE | |
| Original cataloging agency | DLC |
| Transcribing agency | ODaWU |
| Modifying agency | OCoLC |
| -- | DLC |
| -- | BD-RjUL |
| Language of cataloging | eng |
| 041 ## - LANGUAGE CODE | |
| Language code of text/sound track or separate title | eng |
| 082 04 - DEWEY DECIMAL CLASSIFICATION NUMBER | |
| Edition number | 16 |
| Classification number | 100 |
| Author mark and year | PEE 1957 |
| 100 1# - MAIN ENTRY--PERSONAL NAME | |
| Personal name | Peirce, Charles S. |
| Fuller form of name | (Charles Sanders), |
| Dates associated with a name | 1839-1914. |
| 9 (RLIN) | 24020 |
| 245 10 - TITLE STATEMENT | |
| Title | Essays in the philosophy of science / |
| Statement of responsibility, etc. | Charles s. peirce. |
| 260 ## - PUBLICATION, DISTRIBUTION, ETC. (IMPRINT) | |
| Place of publication, distribution, etc. | New York : |
| Name of publisher, distributor, etc. | Liberal Arts Press, |
| Date of publication, distribution, etc. | c1957 |
| 300 ## - PHYSICAL DESCRIPTION | |
| Pagination | 271 p. ; |
| Size | 20 cm |
| 490 0# - SERIES STATEMENT | |
| Series statement | The American heritage series, |
| 504 ## - BIBLIOGRAPHY, ETC. NOTE | |
| Bibliography, etc | Includes bibliography. |
| 650 #0 - SUBJECT ADDED ENTRY--TOPICAL TERM | |
| Topical term or geographic name as entry element | Philosophy. |
| 9 (RLIN) | 24022 |
| 942 ## - ADDED ENTRY ELEMENTS (KOHA) | |
| Source of classification or shelving scheme | Dewey Decimal Classification |
| Koha item type | Books |
| Lost status | Source of classification or shelving scheme | Damaged status | Not for loan | Collection code | Permanent Location | Current Location | Shelving location | Date acquired | Source of acquisition | Total Checkouts | Full call number | Date last seen | Copy number | Koha item type |
|---|---|---|---|---|---|---|---|---|---|---|---|---|---|---|
| Dewey Decimal Classification | Not For Loan | Non-fiction | Central Library, University of Rajshahi | Central Library, University of Rajshahi | 08/01/1962 | Asia Foundation | 100 PEE 1957 | 15/01/2014 | C-1 | Books |